LEADER 00903cam0-2200313---450- 001 990004643430403321 005 20150410103118.0 035 $a000464343 035 $aFED01000464343 035 $a(Aleph)000464343FED01 035 $a000464343 100 $a19990604d1943----km-y0itay50------ba 101 0 $aita 102 $aIT 105 $ay-------001yy 200 1 $a<>poeta del razionalismo settecentesco$eAlessandro Pope$fAda Prospero 210 $aBari$cLaterza$d1943 215 $a186 p.$d21 cm 225 1 $aBiblioteca di cultura moderna$v384 610 0 $aPope, Alexander 676 $a821.5 700 1$aMarchesini Gobetti,$bAda$f<1902-1968>$0402686 801 0$aIT$bUNINA$gRICA$2UNIMARC 901 $aBK 912 $a990004643430403321 952 $a821.5 POPE/S 1$bBibl.49204$fFLFBC 959 $aFLFBC 996 $aPoeta del razionalismo settecentesco$9554350 997 $aUNINA LEADER 01109nam0-2200385---450- 001 990009771870403321 005 20131009145522.0 010 $a978-88-7959-558-2 035 $a000977187 035 $aFED01000977187 035 $a(Aleph)000977187FED01 035 $a000977187 100 $a20131009d2010----km-y0itay50------ba 101 0 $aita 102 $aIT 105 $a--------001yy 200 1 $aFisica biomedica$fD. Scannicchio 205 $a2 ed. 210 $aNapoli$cEdiSES$dc2010 215 $aXII, 585 p.$cill.$d27 cm$eAppendici A-I 300 $aIn basso al front.: Dipartimento di Fisica Nucleare e teorica Università degli Studi di Pavia 610 0 $aFisica biomedica 676 $a612.014 700 1$aScannicchio,$bDomenico$0296055 801 0$aIT$bUNINA$gRICA$2UNIMARC 901 $aBK 912 $a990009771870403321 952 $a23 07 C 15$b18669$fFINAG 952 $a23 07 C 16$b18670$fFINAG 952 $a13 H 75 02$b18667$fFINBC 952 $a13 H 75 03$b18668$fFINBC 959 $aFINBC 959 $aFINAG 996 $aFisica biomedica$9243038 997 $aUNINA